Theaterlexikon (Запис номер 49370)
[ съкратено ]
| 000 -Лидер | |
|---|---|
| Контролно поле с фиксирана дължина | 01077nam a2200325 c 4500 |
| 003 - Код на организацията, давaща контролен номер | |
| Контролно поле | BLK |
| 005 - Дата и час на последна редакция | |
| Контролно поле | 20240509133228.0 |
| 008 - Елементи от данни с фиксирана дължина | |
| fixed length control field | 180408b bul|||||r ||||||| ||bul|| |
| 010 ## - Наследен системен номер | |
| LC control number | KNG00053220000 |
| 020 ## - Международен стандартен номер на книга ISBN | |
| Международен стандартен номер на книга ISBN | 3-423-03322-3 |
| 040 ## - Източник на каталожния запис | |
| Идентификатор на билиотеката - собственик на записа | BLK |
| 041 ## - Код за език | |
| Код за езика на текст/звукозапис или на отделно заглавие | Немски |
| Код за езика КДБФ | Немски |
| 080 ## - УДК | |
| Текстов определител УДК | Театър. Сценично изкуство. Вж 725.82; 782; 82-2 |
| УДК код - определител по УДК | 792 |
| УДК определител | .07(03)(092) |
| УДК - код + определител | 792.07(03)(092) |
| 080 ## - УДК | |
| Текстов определител УДК | Биографии |
| УДК код - определител по УДК | 929 |
| УДК определител | (100) |
| УДК - код + определител | 929(100) |
| 100 ## - Редна дума - Автор | |
| R(LIN) | 492457 |
| Автор | Dossel, Christine |
| 139 ## - Редно поле | |
| Редна дума | Dossel, Christine et al. |
| 245 10 - Сведения за заглавието | |
| Заглавие | Theaterlexikon |
| Подзаглавни данни | Autoren, Regisseure, Schauspieler, Dramaturgen, Buhnenbildner, Kritiker |
| Редно поле (дума) | Christine Dossel, Jean-Claude Kuner, C. Bernd Sucher |
| 260 ## - Област на издателските данни | |
| Име на издателя, разпространителя и проч. | Deutscher Taschenbuch Verlag |
| Година на издаване | 1995 |
| 300 ## - Физическа характеристика | |
| Страници | 818 c. |
| Размери/Мащаб | 19 cm |
| 380 ## - Жанр | |
| Жанр | 793/799 Спорт |
| 700 ## - Други автори (авторска отговорност) | |
| 9 (RLIN) | 492458 |
| Лично име | Kuner, Jean-Claude |
| 700 ## - Други автори (авторска отговорност) | |
| 9 (RLIN) | 492459 |
| Лично име | Sucher, C. Bernd |
| 852 ## - Местоположение | |
| Форматна сигнатура | Цб 187809 |
| 856 4# - Електронен адрес и достъп | |
| Електронен формат | pdf - файл |
| 856 4# - Електронен адрес и достъп | |
| Електронен формат | pdf - файл |
| 942 ## - АРТИКУЛИ | |
| Вид на библиотечния материал | Книги |
| Скрит в OPAC | Не |
| 944 ## - СЪЗДАВАНЕ И РЕДАКЦИЯ на ЗАПИСА | |
| Създаване/Редакция | Създаване |
| Дата на регистрацията/редакция | 01.01.1999 |
| Служител, извършил регистрацията/редакцията | 30556 |
| Статус, дата на статуса | Теодора Пейчева-Дянкова |
| 944 ## - СЪЗДАВАНЕ И РЕДАКЦИЯ на ЗАПИСА | |
| Създаване/Редакция | Редакция |
| Дата на регистрацията/редакция | 13.02.2017 |
| Служител, извършил регистрацията/редакцията | Лили_Борисова |
| 999 ## - СИСТЕМНИ КОНТРОЛНИ НОМЕРА | |
| Koha biblionumber | 49370 |
| Koha biblioitemnumber | 49370 |
| 999 ## - СИСТЕМНИ КОНТРОЛНИ НОМЕРА | |
| Koha biblioitemnumber | 49370 |
| Код за отписване | Код за изгубен артикул | Източник на класификационната схема | Код за повреда | Коз за рестрикции | Код за отдаване | Артикулен № | Име на библиотеката - собственик | Име на библиотеката, в която се намира в момента | Статус (Текущо местоположение) | Дата на вписване в системата | Местоположение - отдел | Цена в лева | Инвентарен номер | Систематично азбучна сигнатура | Баркод | Номер на екземпляра | Цена в евро | Служебна бележка | Служебен тип на артикула |
|---|---|---|---|---|---|---|---|---|---|---|---|---|---|---|---|---|---|---|---|
| Не е изгубен | Universal Decimal Classification | Не е повреден | само за читалня | ползва се в читалня | 77312 | Регионална библиотека "Любен Каравелов" Русе | Регионална библиотека "Любен Каравелов" Русе | Читалня 5 - справочен фонд | 2002-01-01 | Читалня 5 - справочен фонд | 25.00 | 120000905119 | C5 792(092)/D 75 C | 120000905119 | 1 | 12.78 | Дост: Da Дата: 01.01.1995 | Книги |